|
|
|
|
| LEADER |
00000cam a2200000 a 4500 |
| 001 |
vtls001357593 |
| 003 |
SK-MaSNL |
| 005 |
20260301114958.0 |
| 008 |
180810s1880 hu 00100 hun |
| 035 |
|
|
|a SNK000311092
|
| 040 |
|
|
|a SNK
|b slo
|c SNK
|e AACR2
|
| 041 |
0 |
|
|a hun
|
| 044 |
|
|
|a hu
|c HU
|
| 080 |
|
|
|a 094
|2 2011
|
| 080 |
|
|
|a 93/94
|2 2011
|
| 080 |
|
|
|a 622
|2 2011
|
| 080 |
|
|
|a (439.2)
|2 2011
|
| 100 |
1 |
|
|a Wenzel, Gusztáv,
|d 1812-1891
|4 aut
|4 aui
|9 387145
|
| 245 |
1 |
0 |
|a Magyarország Bányászatának Kritikai Története
|c Irta Gusztáv Wenzel
|
| 260 |
|
|
|a Budapest
|b A. M. Tud. Akadémia Könyvkiadó-Hivatala
|c 1880
|
| 300 |
|
|
|a 456 s.
|
| 500 |
|
|
|a V publikácii sa nachádza predslov (előszó) na konci s textom: "Budapesten, 1880. augusztus hó 2-án. Wenzel Gusztáv."; obsah (tartalom) a predmetový register (tárgymutató) - dvojstĺpcové zrkadlo sadzby.
|
| 500 |
|
|
|a Linky, tlač. pozn. pod čiarou
|
| 550 |
|
|
|a Prepis titulného listu podľa exemplára SVKPO: B 1396
|
| 561 |
|
|
|a Proveniencia: Peč.: Az Eperjesi Kir. Kath. Fö-Gymnas. Könyvtára + rkp.: "tört. 178 - " a "Tr. 131" - Az Eperjesi Kir. Kath. Fögymn. Tanári Könyvtára + rkp.: "Tört. 178" - Štátna študijná knižnica v Prešove - Štátna študijná knižnica v Prešove - -VII.1978
|5 SVKPO: B 1396
|
| 562 |
|
|
|a Kolácia: [2], vi, v-viii, 456 s. ; 8° ; 22 x 14 cm
|5 SVKPO: B 1396
|
| 562 |
|
|
|a Defektný výtlačok - číslovanie strán V-VI s rozličným obsahom, uvedené v tlači duplikovane.
|5 SVKPO: B 1396
|
| 563 |
|
|
|a Väzba: pôvodná, lepenka, čierny papier, chrbát a rohy - tmavohnedé plátno, na chrbte- link. zláten. slepotlč s textom: "Magyarorszag Banyaszatank Törtěnete", papier. štítok s pôvod. sign. prekrytý papier. štítkom so súč. sign.; červeno-modrá mramorovaná oriezka
|5 SVKPO: B 1396
|
| 650 |
0 |
7 |
|a staré tlače
|2 SNKPH
|9 51683
|
| 650 |
0 |
7 |
|a dejiny
|2 SNKPH
|9 3825
|
| 650 |
0 |
7 |
|a baníctvo
|2 SNKPH
|9 3571
|
| 651 |
|
7 |
|a Uhorsko
|2 SNKPH
|9 28673
|
| 710 |
2 |
|
|a Magyar Tudomány Akadémia Könyvkiadó Hivatala, (Budapest, Maďarsko)
|4 pbl
|9 459241
|
| 852 |
|
|
|a SVKPO
|c Historické fondy
|p B 1396
|
| 958 |
|
|
|a OND
|
| 958 |
|
|
|a DF
|
| 999 |
|
|
|c 720486
|d 722416
|
| 952 |
|
|
|a SNK
|b SNK
|y VYP
|7 0
|p 17A0542640
|o snkSC 16146 D2
|i snkK 5277/79
|8 3
|3 rekatalogizácia
|0 0
|1 0
|4 0
|d 2007-03-12
|l 0
|r 2026-02-23 21:58:13
|w 2026-02-23
|
| 952 |
|
|
|a SNK
|b SNK
|y VYP
|7 0
|p 17A0184385
|o snkSC 16146 D1
|0 0
|1 0
|4 0
|d 1999-03-11
|l 0
|r 2005-01-02 00:00:00
|w 2026-02-23
|
| 952 |
|
|
|a SNK
|b SNK
|y PREZ
|7 0
|p 17A0841745
|o snkSC 16146
|i snkF 25/62
|8 5
|0 0
|1 0
|4 0
|d 2020-04-16
|l 0
|r 2025-07-18 00:00:00
|w 2026-02-23
|